[Event "Deutscher Mix-Teampokal U12 2025"]
[Site "Bad Homburg GER"]
[Date "2025.07.20"]
[Round "4"]
[White "Estrin, Boris"]
[Black "Feldhaus, Lena"]
[Result "1-0"]
[Termination "normal"]
[Board "3.2"]
[WhiteElo "1822"]
[BlackElo "1474"]
[WhiteClock "00:24:38"]
[BlackClock "00:02:34"]
[WhiteTeam "Düsseldorfer SK 14/25"]
[BlackTeam "OSC Rheinhausen 04"]
[PlyCount "97"]
[WhiteFideId "34649859"]
[BlackFideId "34642684"]
[EventCountry "GER"]
[EventRounds "5"]
[EventType "team-swiss"]
[EventDate "2025.07.18"]

1. e4 {[%clk 00:55:08]} {[%emt 00:00:01]} e5 {[%clk 00:55:03]} 2. Nf3 {[%clk
00:55:08]} Nc6 {[%clk 00:54:59]} 3. Bc4 {[%clk 00:55:07]} Bc5 {[%clk 00:54:38]}
4. c3 {[%clk 00:55:03]} Nf6 {[%clk 00:52:45]} 5. d4 {[%clk 00:54:58]} exd4
{[%clk 00:51:29]} 6. cxd4 {[%clk 00:54:56]} Bb4+ {[%clk 00:50:52]} 7. Nc3
{[%clk 00:54:48]} d5 {[%clk 00:40:43]} {[%emt 00:10:05]} 8. exd5 {[%clk
00:53:21]} {[%emt 00:01:32]} Nxd5 {[%clk 00:40:22]} {[%emt 00:00:25]} 9. O-O
{[%clk 00:53:12]} {[%emt 00:00:14]} Nxc3 {[%clk 00:38:34]} {[%emt 00:01:53]}
10. bxc3 {[%clk 00:53:01]} {[%emt 00:00:16]} Bxc3 {[%clk 00:37:47]} {[%emt
00:00:52]} 11. Bxf7+ {[%clk 00:47:34]} {[%emt 00:05:32]} Kxf7 {[%clk 00:35:37]}
{[%emt 00:02:15]} 12. Qb3+ {[%clk 00:47:29]} {[%emt 00:00:11]} Be6 {[%clk
00:34:19]} {[%emt 00:01:23]} 13. Qxc3 {[%clk 00:47:26]} {[%emt 00:00:08]} h6
{[%clk 00:22:21]} {[%emt 00:12:03]} 14. Bb2 {[%clk 00:45:01]} {[%emt 00:02:30]}
Bd5 {[%clk 00:16:47]} {[%emt 00:05:38]} 15. Ne5+ {[%clk 00:41:40]} {[%emt
00:03:27]} Nxe5 {[%clk 00:15:06]} {[%emt 00:01:46]} 16. dxe5 {[%clk 00:41:35]}
{[%emt 00:00:10]} Qg5 {[%clk 00:13:36]} {[%emt 00:01:34]} 17. Qxc7+ {[%clk
00:40:08]} {[%emt 00:01:32]} Kg8 {[%clk 00:12:37]} {[%emt 00:01:05]} 18. f3
{[%clk 00:39:36]} {[%emt 00:00:37]} Rf8 {[%clk 00:11:05]} {[%emt 00:01:37]} 19.
Qd7 {[%clk 00:37:25]} {[%emt 00:02:16]} Bc6 {[%clk 00:09:12]} {[%emt 00:01:58]}
20. Qe6+ {[%clk 00:36:23]} {[%emt 00:01:06]} Kh7 {[%clk 00:08:48]} {[%emt
00:00:29]} 21. Qb3 {[%clk 00:35:58]} {[%emt 00:00:31]} Rf5 {[%clk 00:04:39]}
{[%emt 00:04:14]} 22. Qc2 {[%clk 00:34:49]} {[%emt 00:01:14]} Rhf8 {[%clk
00:04:30]} {[%emt 00:00:14]} 23. Ba3 {[%clk 00:33:14]} {[%emt 00:01:41]} Re8
{[%clk 00:03:52]} {[%emt 00:00:42]} 24. Rae1 {[%clk 00:32:09]} {[%emt
00:01:09]} g6 {[%clk 00:03:42]} {[%emt 00:00:16]} 25. Qc3 {[%clk 00:31:12]}
{[%emt 00:01:02]} Bb5 {[%clk 00:03:12]} {[%emt 00:00:35]} 26. Qc7+ {[%clk
00:30:02]} {[%emt 00:01:15]} Kg8 {[%clk 00:03:01]} {[%emt 00:00:16]} 27. Rf2
{[%clk 00:29:09]} {[%emt 00:00:57]} Rfxe5 {[%clk 00:02:39]} {[%emt 00:00:28]}
28. Rxe5 {[%clk 00:28:56]} {[%emt 00:00:18]} Rxe5 {[%clk 00:02:42]} {[%emt
00:00:02]} 29. Qc8+ {[%clk 00:27:21]} {[%emt 00:01:40]} Re8 {[%clk 00:02:45]}
{[%emt 00:00:02]} 30. Qc3 {[%clk 00:27:15]} {[%emt 00:00:11]} Qe5 {[%clk
00:02:38]} {[%emt 00:00:12]} 31. Qb3+ {[%clk 00:27:01]} {[%emt 00:00:20]} Qe6
{[%clk 00:02:39]} {[%emt 00:00:03]} 32. Qxb5 {[%clk 00:26:56]} {[%emt
00:00:10]} Qe1+ {[%clk 00:02:34]} {[%emt 00:00:10]} 33. Qf1 {[%clk 00:26:26]}
{[%emt 00:00:35]} Qxf1+ {[%clk 00:02:37]} {[%emt 00:00:02]} 34. Rxf1 {[%clk
00:26:22]} {[%emt 00:00:09]} Re2 {[%clk 00:02:38]} {[%emt 00:00:03]} 35. Rb1
{[%clk 00:26:03]} {[%emt 00:00:24]} Rxa2 {[%clk 00:02:38]} {[%emt 00:00:06]}
36. Bc1 {[%clk 00:26:03]} {[%emt 00:00:05]} b6 {[%clk 00:02:22]} {[%emt
00:00:21]} 37. Bxh6 {[%clk 00:25:59]} {[%emt 00:00:08]} Kh7 {[%clk 00:02:25]}
{[%emt 00:00:03]} 38. Be3 {[%clk 00:25:53]} {[%emt 00:00:11]} Ra3 {[%clk
00:02:26]} {[%emt 00:00:04]} 39. Bxb6 {[%clk 00:25:44]} {[%emt 00:00:13]} axb6
{[%clk 00:02:30]} {[%emt 00:00:02]} 40. Rxb6 {[%clk 00:25:42]} {[%emt
00:00:08]} Ra1+ {[%clk 00:02:33]} {[%emt 00:00:01]} 41. Kf2 {[%clk 00:25:36]}
{[%emt 00:00:11]} Ra2+ {[%clk 00:02:37]} {[%emt 00:00:01]} 42. Kg3 {[%clk
00:25:31]} {[%emt 00:00:10]} Kh6 {[%clk 00:02:35]} {[%emt 00:00:07]} 43. Kh3
{[%clk 00:25:13]} {[%emt 00:00:23]} Kh5 {[%clk 00:02:34]} {[%emt 00:00:06]} 44.
g4+ {[%clk 00:25:02]} {[%emt 00:00:17]} Kg5 {[%clk 00:02:33]} {[%emt 00:00:05]}
45. Kg3 {[%clk 00:24:59]} {[%emt 00:00:08]} Ra5 {[%clk 00:02:37]} {[%emt
00:00:01]} 46. h4+ {[%clk 00:24:42]} {[%emt 00:00:22]} Kh6 {[%clk 00:02:39]}
{[%emt 00:00:04]} 47. Rb7 {[%clk 00:24:39]} {[%emt 00:00:08]} Ra3 {[%clk
00:02:34]} {[%emt 00:00:09]} 48. g5+ {[%clk 00:24:39]} {[%emt 00:00:05]} Kh5
{[%clk 00:02:34]} {[%emt 00:00:05]} 49. Rh7# {[%clk 00:24:38]} {[%emt
00:00:06]} 1-0

[Event "Deutscher Mix-Teampokal U12 2025"]
[Site "Bad Homburg GER"]
[Date "2025.07.20"]
[Round "4"]
[White "Murrau, Adela"]
[Black "Satheesh, Dharshini"]
[Result "0-1"]
[Termination "normal"]
[Board "3.3"]
[WhiteElo "1009"]
[BlackElo "1608"]
[WhiteClock "00:31:02"]
[BlackClock "00:12:36"]
[WhiteTeam "OSC Rheinhausen 04"]
[BlackTeam "Düsseldorfer SK 14/25"]
[PlyCount "52"]
[WhiteFideId "533050716"]
[BlackFideId "34655441"]
[EventCountry "GER"]
[EventRounds "5"]
[EventType "team-swiss"]
[EventDate "2025.07.18"]

1. e4 {[%clk 00:55:07]} e5 {[%clk 00:55:06]} 2. Nf3 {[%clk 00:55:04]} Nf6
{[%clk 00:55:07]} 3. Nc3 {[%clk 00:54:43]} Nc6 {[%clk 00:55:08]} 4. Bc4 {[%clk
00:54:34]} Bc5 {[%clk 00:54:42]} 5. d3 {[%clk 00:54:15]} h6 {[%clk 00:54:39]}
6. a3 {[%clk 00:53:30]} d6 {[%clk 00:50:51]} {[%emt 00:01:06]} 7. b4 {[%clk
00:53:22]} {[%emt 00:00:11]} Bb6 {[%clk 00:50:26]} {[%emt 00:00:31]} 8. Nd5
{[%clk 00:47:01]} {[%emt 00:06:27]} Bg4 {[%clk 00:46:19]} {[%emt 00:04:11]} 9.
Nxb6 {[%clk 00:46:10]} {[%emt 00:00:55]} axb6 {[%clk 00:46:08]} {[%emt
00:00:18]} 10. Be3 {[%clk 00:45:42]} {[%emt 00:00:32]} O-O {[%clk 00:44:21]}
{[%emt 00:01:53]} 11. h3 {[%clk 00:45:21]} {[%emt 00:00:25]} Bh5 {[%clk
00:41:28]} {[%emt 00:02:58]} 12. c3 {[%clk 00:42:50]} {[%emt 00:02:36]} Re8
{[%clk 00:38:28]} {[%emt 00:03:05]} 13. a4 {[%clk 00:41:21]} {[%emt 00:01:33]}
d5 {[%clk 00:35:04]} {[%emt 00:03:30]} 14. exd5 {[%clk 00:40:53]} {[%emt
00:00:33]} Nxd5 {[%clk 00:35:02]} {[%emt 00:00:07]} 15. b5 {[%clk 00:40:26]}
{[%emt 00:00:31]} Na7 {[%clk 00:27:23]} {[%emt 00:07:45]} 16. O-O {[%clk
00:39:39]} {[%emt 00:00:52]} Qd7 {[%clk 00:23:42]} {[%emt 00:03:46]} 17. Bxd5
{[%clk 00:38:27]} {[%emt 00:01:16]} Qxd5 {[%clk 00:23:39]} {[%emt 00:00:10]}
18. c4 {[%clk 00:38:10]} {[%emt 00:00:21]} Qd6 {[%clk 00:23:11]} {[%emt
00:00:33]} 19. Rc1 {[%clk 00:36:46]} {[%emt 00:01:26]} Rad8 {[%clk 00:20:35]}
{[%emt 00:02:44]} 20. c5 {[%clk 00:36:41]} {[%emt 00:00:11]} Qe6 {[%clk
00:17:18]} {[%emt 00:03:21]} 21. cxb6 {[%clk 00:36:26]} {[%emt 00:00:20]} cxb6
{[%clk 00:17:17]} {[%emt 00:00:06]} 22. Rc7 {[%clk 00:35:20]} {[%emt 00:01:10]}
Rb8 {[%clk 00:14:41]} {[%emt 00:02:42]} 23. Rc4 {[%clk 00:34:51]} {[%emt
00:00:34]} Nc8 {[%clk 00:13:40]} {[%emt 00:01:06]} 24. d4 {[%clk 00:33:26]}
{[%emt 00:01:30]} Qxc4 {[%clk 00:13:37]} {[%emt 00:00:08]} 25. dxe5 {[%clk
00:33:01]} {[%emt 00:00:30]} Qe6 {[%clk 00:12:43]} {[%emt 00:00:58]} 26. Bd4
{[%clk 00:31:02]} {[%emt 00:02:05]} Rd8 {[%clk 00:12:36]} {[%emt 00:00:12]} 0-1

[Event "Deutscher Mix-Teampokal U12 2025"]
[Site "Bad Homburg GER"]
[Date "2025.07.20"]
[Round "4"]
[White "Schreiner, Moritz"]
[Black "Lachenmaier, Alica"]
[Result "0-1"]
[Termination "normal"]
[Board "4.1"]
[WhiteElo "822"]
[BlackElo "1250"]
[WhiteClock "00:08:58"]
[BlackClock "00:43:39"]
[WhiteTeam "SC Pirmasens 1912"]
[BlackTeam "SC Garching 1980"]
[PlyCount "78"]
[WhiteFideId "533050732"]
[BlackFideId "533025932"]
[EventCountry "GER"]
[EventRounds "5"]
[EventType "team-swiss"]
[EventDate "2025.07.18"]

1. e4 {[%clk 00:55:09]} {[%emt 14:45:22]} c5 {[%clk 00:55:06]} 2. Nc3 {[%clk
00:55:10]} Nc6 {[%clk 00:55:05]} 3. f4 {[%clk 00:55:05]} e6 {[%clk 00:55:03]}
4. Nf3 {[%clk 00:55:05]} d5 {[%clk 00:54:54]} 5. d3 {[%clk 00:54:01]} dxe4
{[%clk 00:54:22]} 6. dxe4 {[%clk 00:53:55]} Qxd1+ {[%clk 00:54:21]} 7. Nxd1
{[%clk 00:53:51]} b6 {[%clk 00:54:18]} 8. Bb5 {[%clk 00:53:27]} Bb7 {[%clk
00:54:12]} 9. O-O {[%clk 00:53:22]} O-O-O {[%clk 00:53:58]} 10. Ng5 {[%clk
00:52:53]} Nh6 {[%clk 00:53:44]} {[%emt 00:00:06]} 11. Nf2 {[%clk 00:51:47]}
{[%emt 00:01:11]} Rd7 {[%clk 00:53:12]} {[%emt 00:00:35]} 12. Nd3 {[%clk
00:50:45]} {[%emt 00:01:08]} f6 {[%clk 00:52:43]} {[%emt 00:00:34]} 13. Nf3
{[%clk 00:50:09]} {[%emt 00:00:41]} a6 {[%clk 00:52:19]} {[%emt 00:00:30]} 14.
Ba4 {[%clk 00:49:42]} {[%emt 00:00:32]} b5 {[%clk 00:52:17]} {[%emt 00:00:06]}
15. Nxc5 {[%clk 00:48:56]} {[%emt 00:00:51]} Bxc5+ {[%clk 00:54:13]} {[%emt
00:00:32]} 16. Kh1 {[%clk 00:48:50]} {[%emt 00:00:26]} bxa4 {[%clk 00:54:11]}
{[%emt 00:00:07]} 17. a3 {[%clk 00:46:32]} {[%emt 00:02:24]} Ng4 {[%clk
00:53:54]} {[%emt 00:00:21]} 18. b4 {[%clk 00:43:30]} {[%emt 00:03:07]} Bb6
{[%clk 00:53:22]} {[%emt 00:00:36]} 19. c4 {[%clk 00:39:05]} {[%emt 00:04:30]}
Bd4 {[%clk 00:52:06]} {[%emt 00:01:22]} 20. Nxd4 {[%clk 00:38:19]} {[%emt
00:00:53]} Nxd4 {[%clk 00:52:01]} {[%emt 00:00:09]} 21. Ra2 {[%clk 00:30:35]}
{[%emt 00:07:48]} Bxe4 {[%clk 00:51:50]} {[%emt 00:00:16]} 22. Re1 {[%clk
00:29:26]} {[%emt 00:01:15]} Bd3 {[%clk 00:50:21]} {[%emt 00:01:31]} 23. Rd2
{[%clk 00:28:30]} {[%emt 00:01:04]} Bxc4 {[%clk 00:50:16]} {[%emt 00:00:10]}
24. Red1 {[%clk 00:27:54]} {[%emt 00:00:42]} Rhd8 {[%clk 00:49:42]} {[%emt
00:00:38]} 25. Bb2 {[%clk 00:27:06]} {[%emt 00:00:53]} e5 {[%clk 00:49:20]}
{[%emt 00:00:27]} 26. fxe5 {[%clk 00:26:33]} {[%emt 00:00:37]} fxe5 {[%clk
00:49:05]} {[%emt 00:00:19]} 27. h3 {[%clk 00:26:01]} {[%emt 00:00:37]} Ne3
{[%clk 00:48:52]} {[%emt 00:00:17]} 28. Re1 {[%clk 00:24:38]} {[%emt 00:01:28]}
Nf1 {[%clk 00:48:26]} {[%emt 00:00:30]} 29. Rxe5 {[%clk 00:22:51]} {[%emt
00:01:53]} Nxd2 {[%clk 00:48:00]} {[%emt 00:00:31]} 30. Bc3 {[%clk 00:21:14]}
{[%emt 00:01:42]} Nc6 {[%clk 00:46:28]} {[%emt 00:01:35]} 31. Rc5 {[%clk
00:20:09]} {[%emt 00:01:12]} Bb5 {[%clk 00:45:59]} {[%emt 00:00:32]} 32. Bxg7
{[%clk 00:17:59]} {[%emt 00:02:16]} Rxg7 {[%clk 00:45:49]} {[%emt 00:00:15]}
33. Rc1 {[%clk 00:17:02]} {[%emt 00:01:03]} Rg3 {[%clk 00:45:23]} {[%emt
00:00:30]} 34. Kh2 {[%clk 00:14:54]} {[%emt 00:02:14]} Rxa3 {[%clk 00:45:16]}
{[%emt 00:00:11]} 35. Rc5 {[%clk 00:13:18]} {[%emt 00:01:41]} Nf3+ {[%clk
00:45:11]} {[%emt 00:00:11]} 36. gxf3 {[%clk 00:11:53]} {[%emt 00:01:31]} Rxf3
{[%clk 00:45:02]} {[%emt 00:00:13]} 37. Kg2 {[%clk 00:11:00]} {[%emt 00:00:52]}
Rb3 {[%clk 00:43:42]} {[%emt 00:01:29]} 38. Rh5 {[%clk 00:09:53]} {[%emt
00:01:14]} Rd2+ {[%clk 00:43:39]} {[%emt 00:00:07]} 39. Kg1 {[%clk 00:08:58]}
Rb1# {[%clk 00:43:39]} 0-1

[Event "Deutscher Mix-Teampokal U12 2025"]
[Site "Bad Homburg GER"]
[Date "2025.07.20"]
[Round "4"]
[White "Feuchtinger, Leopold"]
[Black "Werner, Aleksandra"]
[Result "1-0"]
[Termination "normal"]
[Board "4.2"]
[WhiteElo "1176"]
[BlackElo "816"]
[WhiteClock "00:44:37"]
[BlackClock "00:21:24"]
[WhiteTeam "SC Garching 1980"]
[BlackTeam "SC Pirmasens 1912"]
[PlyCount "61"]
[WhiteFideId "533027617"]
[BlackFideId "533050740"]
[EventCountry "GER"]
[EventRounds "5"]
[EventType "team-swiss"]
[EventDate "2025.07.18"]

1. e4 {[%clk 00:55:04]} e5 {[%clk 00:54:58]} 2. Nf3 {[%clk 00:54:57]} Nc6
{[%clk 00:54:52]} 3. Bc4 {[%clk 00:54:40]} d6 {[%clk 00:52:50]} 4. h3 {[%clk
00:54:07]} Nf6 {[%clk 00:50:54]} {[%emt 00:00:06]} 5. Nc3 {[%clk 00:53:26]}
{[%emt 00:00:46]} Na5 {[%clk 00:49:28]} {[%emt 00:01:31]} 6. Bb3 {[%clk
00:53:21]} {[%emt 00:00:10]} Nxb3 {[%clk 00:49:21]} {[%emt 00:00:13]} 7. axb3
{[%clk 00:53:13]} {[%emt 00:00:13]} d5 {[%clk 00:48:37]} {[%emt 00:00:49]} 8.
d3 {[%clk 00:52:59]} {[%emt 00:00:19]} Qd6 {[%clk 00:45:10]} {[%emt 00:03:32]}
9. Bg5 {[%clk 00:52:31]} {[%emt 00:00:31]} Be7 {[%clk 00:43:24]} {[%emt
00:01:53]} 10. Bxf6 {[%clk 00:52:18]} {[%emt 00:00:18]} Bxf6 {[%clk 00:43:16]}
{[%emt 00:00:13]} 11. Nxd5 {[%clk 00:52:16]} {[%emt 00:00:07]} O-O {[%clk
00:39:02]} {[%emt 00:04:19]} 12. O-O {[%clk 00:52:07]} {[%emt 00:00:13]} Bd8
{[%clk 00:36:05]} {[%emt 00:03:02]} 13. d4 {[%clk 00:51:32]} {[%emt 00:00:41]}
f6 {[%clk 00:35:31]} {[%emt 00:00:40]} 14. c4 {[%clk 00:50:37]} {[%emt
00:01:00]} c6 {[%clk 00:34:14]} {[%emt 00:01:21]} 15. Nc3 {[%clk 00:50:10]}
{[%emt 00:00:29]} Bb6 {[%clk 00:32:21]} {[%emt 00:02:00]} 16. c5 {[%clk
00:50:06]} {[%emt 00:00:09]} Bxc5 {[%clk 00:31:01]} {[%emt 00:01:26]} 17. dxc5
{[%clk 00:50:04]} {[%emt 00:00:07]} Qxd1 {[%clk 00:30:39]} {[%emt 00:00:27]}
18. Raxd1 {[%clk 00:49:58]} {[%emt 00:00:11]} g5 {[%clk 00:28:33]} {[%emt
00:02:11]} 19. b4 {[%clk 00:49:15]} {[%emt 00:00:48]} g4 {[%clk 00:27:29]}
{[%emt 00:01:09]} 20. hxg4 {[%clk 00:48:53]} {[%emt 00:00:27]} Bxg4 {[%clk
00:27:18]} {[%emt 00:00:16]} 21. Rd3 {[%clk 00:48:37]} {[%emt 00:00:20]} Rae8
{[%clk 00:26:37]} {[%emt 00:00:47]} 22. Nh2 {[%clk 00:48:20]} {[%emt 00:00:19]}
Bh5 {[%clk 00:25:56]} {[%emt 00:00:50]} 23. Rd7 {[%clk 00:47:57]} {[%emt
00:00:28]} f5 {[%clk 00:25:24]} {[%emt 00:00:38]} 24. exf5 {[%clk 00:47:21]}
{[%emt 00:00:40]} Rxf5 {[%clk 00:25:21]} {[%emt 00:00:08]} 25. Kh1 {[%clk
00:46:01]} {[%emt 00:01:25]} e4 {[%clk 00:24:31]} {[%emt 00:00:56]} 26. g4
{[%clk 00:45:45]} {[%emt 00:00:20]} Rg5 {[%clk 00:22:26]} {[%emt 00:02:11]} 27.
gxh5 {[%clk 00:45:36]} {[%emt 00:00:14]} Rxh5 {[%clk 00:22:20]} {[%emt
00:00:11]} 28. Rg1+ {[%clk 00:45:22]} {[%emt 00:00:19]} Kh8 {[%clk 00:22:15]}
{[%emt 00:00:10]} 29. Nxe4 {[%clk 00:45:08]} {[%emt 00:00:19]} Rxe4 {[%clk
00:21:40]} {[%emt 00:00:40]} 30. Rd8+ {[%clk 00:44:37]} {[%emt 00:00:35]} Re8
{[%clk 00:21:24]} {[%emt 00:00:22]} 31. Rxe8# {[%clk 00:44:37]} {[%emt
00:00:05]} 1-0

[Event "Deutscher Mix-Teampokal U12 2025"]
[Site "Bad Homburg GER"]
[Date "2025.07.20"]
[Round "4"]
[White "Dratwa, Maximilian"]
[Black "Manukyan, Erik"]
[Result "1-0"]
[Termination "normal"]
[Board "4.4"]
[WhiteElo "1011"]
[BlackElo "754"]
[WhiteClock "00:33:23"]
[BlackClock "00:24:22"]
[WhiteTeam "SC Garching 1980"]
[BlackTeam "SC Pirmasens 1912"]
[PlyCount "67"]
[WhiteFideId "533026289"]
[BlackFideId "533050767"]
[EventCountry "GER"]
[EventRounds "5"]
[EventType "team-swiss"]
[EventDate "2025.07.18"]

1. e4 {[%clk 00:55:09]} e5 {[%clk 00:55:04]} 2. Nf3 {[%clk 00:55:11]} Nc6
{[%clk 00:55:06]} 3. d4 {[%clk 00:55:09]} d6 {[%clk 00:54:37]} 4. d5 {[%clk
00:55:11]} Nb4 {[%clk 00:53:44]} 5. a3 {[%clk 00:54:51]} Na6 {[%clk 00:53:14]}
6. Nc3 {[%clk 00:54:40]} Nf6 {[%clk 00:53:11]} 7. Bg5 {[%clk 00:54:06]} Be7
{[%clk 00:52:49]} 8. Bb5+ {[%clk 00:53:55]} Nd7 {[%clk 00:52:00]} 9. Be3 {[%clk
00:53:05]} {[%emt 00:00:46]} Rb8 {[%clk 00:50:54]} {[%emt 00:01:11]} 10. Qe2
{[%clk 00:52:45]} {[%emt 00:00:25]} O-O {[%clk 00:50:07]} {[%emt 00:00:52]} 11.
O-O {[%clk 00:52:24]} {[%emt 00:00:27]} Ndc5 {[%clk 00:46:53]} {[%emt
00:03:18]} 12. b4 {[%clk 00:50:49]} {[%emt 00:01:40]} Nd7 {[%clk 00:46:19]}
{[%emt 00:00:39]} 13. Bxa7 {[%clk 00:46:59]} {[%emt 00:03:54]} Ra8 {[%clk
00:43:07]} {[%emt 00:03:19]} 14. Be3 {[%clk 00:46:53]} {[%emt 00:00:10]} Ndb8
{[%clk 00:42:57]} {[%emt 00:00:15]} 15. h3 {[%clk 00:46:24]} {[%emt 00:00:34]}
Bd7 {[%clk 00:42:28]} {[%emt 00:00:35]} 16. Bxd7 {[%clk 00:45:53]} {[%emt
00:00:35]} Qxd7 {[%clk 00:42:10]} {[%emt 00:00:23]} 17. Ng5 {[%clk 00:45:13]}
{[%emt 00:00:44]} h6 {[%clk 00:41:31]} {[%emt 00:00:45]} 18. Nf3 {[%clk
00:44:31]} {[%emt 00:00:45]} c6 {[%clk 00:41:01]} {[%emt 00:00:37]} 19. Rad1
{[%clk 00:44:19]} {[%emt 00:00:12]} cxd5 {[%clk 00:37:37]} {[%emt 00:03:34]}
20. exd5 {[%clk 00:44:15]} {[%emt 00:00:10]} Qc7 {[%clk 00:37:22]} {[%emt
00:00:19]} 21. Ne4 {[%clk 00:44:01]} {[%emt 00:00:19]} Qd8 {[%clk 00:36:25]}
{[%emt 00:01:02]} 22. Ng3 {[%clk 00:43:39]} {[%emt 00:00:26]} Nc7 {[%clk
00:35:54]} {[%emt 00:00:37]} 23. Nf5 {[%clk 00:43:32]} {[%emt 00:00:11]} Bf6
{[%clk 00:35:17]} {[%emt 00:00:43]} 24. Nd2 {[%clk 00:39:27]} {[%emt 00:04:10]}
Nxd5 {[%clk 00:34:54]} {[%emt 00:00:27]} 25. Qg4 {[%clk 00:37:52]} {[%emt
00:01:40]} g5 {[%clk 00:33:30]} {[%emt 00:01:30]} 26. Nxh6+ {[%clk 00:37:34]}
{[%emt 00:00:22]} Kg7 {[%clk 00:30:23]} {[%emt 00:03:12]} 27. Nf5+ {[%clk
00:37:26]} {[%emt 00:00:12]} Kg8 {[%clk 00:28:15]} {[%emt 00:02:14]} 28. h4
{[%clk 00:36:22]} {[%emt 00:01:10]} Nxe3 {[%clk 00:27:28]} {[%emt 00:00:52]}
29. fxe3 {[%clk 00:36:05]} {[%emt 00:00:22]} Rxa3 {[%clk 00:27:08]} {[%emt
00:00:25]} 30. hxg5 {[%clk 00:35:58]} {[%emt 00:00:12]} Bxg5 {[%clk 00:26:16]}
{[%emt 00:00:57]} 31. Ne4 {[%clk 00:35:26]} {[%emt 00:00:36]} f6 {[%clk
00:25:48]} {[%emt 00:00:34]} 32. Rxd6 {[%clk 00:34:23]} {[%emt 00:01:07]} Qc7
{[%clk 00:25:19]} {[%emt 00:00:34]} 33. Nxg5 {[%clk 00:34:08]} {[%emt
00:00:21]} Qxc2 {[%clk 00:24:22]} {[%emt 00:01:02]} 34. Ne6+ {[%clk 00:33:23]}
{[%emt 00:00:50]} 1-0